[Event "North Bay int."]
[Site "North Bay CAN"]
[Date "1996.08.10"]
[Round "6"]
[White "Vera, Reynaldo"]
[Black "Southam, Todd"]
[Result "1-0"]
[WhiteElo "2517"]
[BlackElo "2398"]
[PlyCount "77"]
[EventDate "1996.08.07"]
[EventType "swiss"]
[EventRounds "9"]
[EventCountry "CAN"]

1. d4 Nf6 2. c4 g6 3. Nc3 Bg7 4. e4 d6 5. Be2 O-O 6. Nf3 Bg4 7. Be3 Nfd7 8. Ng1
Bxe2 9. Ngxe2 e5 10. O-O Nc6 11. Qd2 exd4 12. Nxd4 Nde5 13. b3 Ng4 14. Bg5 Qe8
15. Nde2 h6 16. Bf4 g5 17. Bg3 f5 18. h3 Nge5 19. f4 gxf4 20. Rxf4 Qg6 21. Raf1
fxe4 22. Qd5+ Kh7 23. Nxe4 Rae8 24. Rxf8 Rxf8 25. Rxf8 Bxf8 26. Nf4 Qf5 27. Ne6
Bg7 28. Nxc7 Nd4 29. Nc3 Qg5 30. Qe4+ Kh8 31. Bf4 Nef3+ 32. Kf2 Qc5 33. gxf3
Nf5+ 34. Kf1 Bxc3 35. Nd5 Qd4 36. Nxc3 Qxc3 37. Qxf5 Qxf3+ 38. Ke1 Qh1+ 39. Kf2
1-0

[Event "North Bay int."]
[Site "North Bay CAN"]
[Date "1996.08.10"]
[Round "6"]
[White "Wen, Jean-Francois"]
[Black "Boross-Harmer, Peter"]
[Result "1/2-1/2"]
[WhiteElo "2214"]
[BlackElo "2051"]
[PlyCount "93"]
[EventDate "1996.08.07"]
[EventType "swiss"]
[EventRounds "9"]
[EventCountry "CAN"]

1. c4 e6 2. g3 Nf6 3. Bg2 d5 4. d4 dxc4 5. Nf3 Bb4+ 6. Bd2 Qe7 7. Qa4+ Nc6 8.
Ne5 Bxd2+ 9. Nxd2 O-O 10. Nxc6 bxc6 11. Qxc4 Rb8 12. Nb3 Rb6 13. O-O Ba6 14.
Qc2 Rfb8 15. Rfd1 Nd5 16. e3 Nb4 17. Qc5 Qf6 18. Rd2 Bc8 19. Na5 Bd7 20. Nc4
Ra6 21. Ne5 Be8 22. Bf1 Rab6 23. b3 h6 24. Rc1 Qg5 25. h4 Qd8 26. Be2 f6 27.
Nd3 Qd6 28. Rc3 Nd5 29. Rc1 R8b7 30. Rdc2 Rb5 31. Qxd6 cxd6 32. Nf4 R5b6 33.
Nxe6 Nb4 34. Rd2 g5 35. hxg5 hxg5 36. f4 Bd7 37. Bg4 Nd5 38. Kf2 Ne7 39. f5
Bxe6 40. fxe6 f5 41. Bh5 Kg7 42. Kf3 Kf6 43. Bf7 g4+ 44. Ke2 Nd5 45. Rdc2 Nb4
46. Rd2 Nd5 47. Rdc2 1/2-1/2

[Event "North Bay int."]
[Site "North Bay CAN"]
[Date "1996.08.10"]
[Round "6"]
[White "Winterton, Ken"]
[Black "Chow, Albert"]
[Result "0-1"]
[WhiteElo "2015"]
[BlackElo "2366"]
[PlyCount "122"]
[EventDate "1996.08.07"]
[EventType "swiss"]
[EventRounds "9"]
[EventCountry "CAN"]

1. d4 Nf6 2. Bg5 e6 3. e3 c5 4. Nd2 cxd4 5. exd4 Be7 6. c3 O-O 7. Ngf3 d6 8.
Bd3 Nbd7 9. Qe2 b6 10. O-O Bb7 11. Rfe1 a6 12. h3 Re8 13. Rad1 Qc8 14. Bxf6
Nxf6 15. Ng5 b5 16. Nde4 Nxe4 17. Nxe4 Bd5 18. a3 g6 19. Nd2 Qc6 20. Be4 Rec8
21. Qf3 Bxe4 22. Qxe4 Qxe4 23. Nxe4 d5 24. Nd2 a5 25. Ra1 Rab8 26. Nf3 b4 27.
axb4 axb4 28. cxb4 Rxb4 29. Re2 Rcb8 30. Ne5 Bd6 31. Rb1 R8b6 32. Nd7 Rb7 33.
Nf6+ Kf8 34. Nxh7+ Ke7 35. Ng5 Rxd4 36. Nf3 Rdb4 37. g3 Rb3 38. Ne1 Ba3 39. Kf1
Bxb2 40. Nd3 Bd4 41. Rd1 Rb1 42. Ree1 Rxd1 43. Rxd1 Kd6 44. Nf4 Bg7 45. h4 Rb2
46. Nd3 Ra2 47. Kg2 Bd4 48. Kh3 Ra1 49. Rxa1 Bxa1 50. Kg2 e5 51. f3 e4 52. fxe4
dxe4 53. Nf4 Be5 54. Nh3 f5 55. Ng1 Kd5 56. Ne2 Kc4 57. Kf2 Bd4+ 58. Kg2 Be3
59. g4 f4 60. Ng1 Bxg1 61. Kxg1 Kd5 0-1

[Event "North Bay int."]
[Site "North Bay CAN"]
[Date "1996.08.10"]
[Round "7"]
[White "Allan, Denis"]
[Black "Marshall, Peter"]
[Result "1-0"]
[WhiteElo "2384"]
[BlackElo "2251"]
[PlyCount "85"]
[EventDate "1996.08.07"]
[EventType "swiss"]
[EventRounds "9"]
[EventCountry "CAN"]

1. c4 c5 2. Nf3 g6 3. Nc3 Bg7 4. e3 Nf6 5. d4 O-O 6. Be2 d6 7. O-O Re8 8. h3 e6
9. e4 cxd4 10. Nxd4 Nc6 11. Ndb5 Bf8 12. Bg5 h6 13. Bxf6 Qxf6 14. Nc7 Bd7 15.
Qd2 Nd4 16. Rad1 Bg7 17. Qe3 e5 18. N3b5 Bc6 19. Bd3 Qe7 20. Nxe8 Rxe8 21. Rfe1
a6 22. Nc3 g5 23. b4 h5 24. b5 Bd7 25. Rb1 g4 26. bxa6 bxa6 27. hxg4 hxg4 28.
Rb7 Qe6 29. Qg5 Kh7 30. Nd5 Bc8 31. Nc7 Qe7 32. Qh5+ Kg8 33. Nxe8 Bxb7 34. Nxg7
Kxg7 35. Qxg4+ Kf8 36. Rb1 Ne6 37. Qh3 Qc7 38. Qe3 Nc5 39. Bc2 Qa5 40. Rd1 Ke7
41. Qg5+ Ke6 42. Qh6+ f6 43. Qf8 1-0

[Event "North Bay int."]
[Site "North Bay CAN"]
[Date "1996.08.10"]
[Round "7"]
[White "Bell, Adam"]
[Black "Kret, Ted"]
[Result "0-1"]
[WhiteElo "1925"]
[BlackElo "2242"]
[PlyCount "42"]
[EventDate "1996.08.07"]
[EventType "swiss"]
[EventRounds "9"]
[EventCountry "CAN"]

1. e4 e6 2. d4 d5 3. Nd2 Nf6 4. e5 Nfd7 5. f4 c5 6. c3 Nc6 7. Ndf3 cxd4 8. cxd4
Bb4+ 9. Kf2 Qb6 10. Be3 f6 11. Bd3 g5 12. Ne2 g4 13. Nd2 fxe5 14. fxe5 O-O+ 15.
Kg3 Ndxe5 16. Bh6 Nxd3 17. Bxf8 Qc7+ 18. Kh4 Bxf8 19. Qf1 e5 20. Nb3 e4 21.
Nbc1 Qd8+ 0-1

[Event "North Bay int."]
[Site "North Bay CAN"]
[Date "1996.08.10"]
[Round "7"]
[White "Boross-Harmer, Peter"]
[Black "Ciaffone, Robert"]
[Result "0-1"]
[WhiteElo "2051"]
[BlackElo "2287"]
[PlyCount "82"]
[EventDate "1996.08.07"]
[EventType "swiss"]
[EventRounds "9"]
[EventCountry "CAN"]

1. d4 d5 2. Nf3 Nf6 3. g3 Bf5 4. Bg2 Nbd7 5. O-O h6 6. c4 e6 7. Nc3 c6 8. cxd5
exd5 9. Qb3 Qb6 10. Qxb6 axb6 11. Nh4 Bh7 12. Bh3 Bb4 13. Bf5 O-O 14. Bd2 Rfe8
15. Rfc1 b5 16. Ne4 Bf8 17. Nxf6+ Nxf6 18. a3 Ne4 19. Bxh7+ Kxh7 20. Nf3 Ra4
21. Be3 Kg8 22. Ne5 Nd6 23. b3 Ra6 24. g4 h5 25. h3 hxg4 26. hxg4 Rea8 27. Bf4
Rxa3 28. Rxa3 Rxa3 29. Nd7 Be7 30. Rb1 Ne4 31. f3 Nc3 32. Rb2 Ra1+ 33. Kg2 b4
34. Ne5 Nb5 35. e3 f6 36. Nd3 Kf7 37. Bg3 Nc3 38. Bf2 Nd1 39. Rd2 Rb1 40. Bg1
Bd6 41. Bf2 Nxf2 0-1

[Event "North Bay int."]
[Site "North Bay CAN"]
[Date "1996.08.10"]
[Round "7"]
[White "Campbell, Brett"]
[Black "Fogarasi, Norbert"]
[Result "1-0"]
[WhiteElo "2295"]
[BlackElo "2059"]
[PlyCount "75"]
[EventDate "1996.08.07"]
[EventType "swiss"]
[EventRounds "9"]
[EventCountry "CAN"]

1. e4 d6 2. c4 f5 3. exf5 Bxf5 4. d4 Nc6 5. d5 Ne5 6. Nc3 Nf6 7. f4 Ned7 8. Bd3
Bg4 9. Nf3 Nc5 10. Bc2 e5 11. O-O exf4 12. Re1+ Be7 13. Qe2 g5 14. b4 Ncd7 15.
Ba4 Kf8 16. Nxg5 Ne5 17. Ne6+ Bxe6 18. dxe6 Qc8 19. Bxf4 Qxe6 20. Bh6+ Kf7 21.
h3 Rhg8 22. Qe3 c6 23. c5 d5 24. Qxe5 Qxe5 25. Rxe5 Nd7 26. Rf1+ Bf6 27. Ref5
Kg6 28. Bd2 Rae8 29. Nxd5 cxd5 30. Bxd7 Bd4+ 31. Kh1 Re5 32. Rxe5 Bxe5 33. Rf5
Bf6 34. Rxd5 Kg7 35. Bf5 Re8 36. Rd7+ Kg8 37. Bxh7+ Kh8 38. Bd3 1-0

[Event "North Bay int."]
[Site "North Bay CAN"]
[Date "1996.08.10"]
[Round "7"]
[White "Cossette, Daniel"]
[Black "Filipovich, David"]
[Result "1/2-1/2"]
[WhiteElo "2205"]
[BlackElo "2299"]
[PlyCount "116"]
[EventDate "1996.08.07"]
[EventType "swiss"]
[EventRounds "9"]
[EventCountry "CAN"]

1. e4 c6 2. d4 d5 3. exd5 cxd5 4. c4 Nf6 5. Nc3 Nc6 6. Nf3 Bg4 7. cxd5 Nxd5 8.
Qb3 Bxf3 9. gxf3 Nb6 10. Be3 e6 11. O-O-O Be7 12. d5 exd5 13. Nxd5 Nxd5 14.
Rxd5 Qc7 15. Kb1 O-O 16. Bb5 Rad8 17. Rc1 Qxh2 18. Bxc6 bxc6 19. Rxd8 Rxd8 20.
Bxa7 Bg5 21. Re1 Qd6 22. a4 h5 23. Bb6 Qd2 24. Rg1 Rb8 25. a5 c5 26. Qc2 Qd5
27. Qxc5 Qxc5 28. Bxc5 Bf6 29. b4 Bc3 30. Kc2 Bxb4 31. Bxb4 Rxb4 32. Ra1 Rb8
33. Kc3 Kf8 34. Kc4 Ke7 35. Kc5 Kd7 36. a6 Kc7 37. Re1 Ra8 38. Re7+ Kd8 39.
Rxf7 Rxa6 40. Rxg7 Rf6 41. Rg3 Ke7 42. Kd5 Rf5+ 43. Ke4 Kf6 44. f4 Ra5 45. Re3
Ra2 46. Kf3 Rb2 47. Kg3 Ra2 48. f3 Ra5 49. Rb3 Rf5 50. Rb6+ Kg7 51. Re6 Kf7 52.
Re5 Kf6 53. Re8 Kf7 54. Re4 Kf6 55. Kh4 Kf7 56. Ra4 Kg6 57. Ra6+ Rf6 58. f5+
Kxf5 1/2-1/2

[Event "North Bay int."]
[Site "North Bay CAN"]
[Date "1996.08.10"]
[Round "7"]
[White "Deline, Ralph"]
[Black "Ceterski, Tom"]
[Result "1/2-1/2"]
[WhiteElo "2067"]
[BlackElo "2015"]
[PlyCount "48"]
[EventDate "1996.08.07"]
[EventType "swiss"]
[EventRounds "9"]
[EventCountry "CAN"]

1. e4 c5 2. Nc3 Nc6 3. f4 g6 4. Nf3 Bg7 5. Bc4 e6 6. a3 Nge7 7. O-O O-O 8. d3
d5 9. Ba2 dxe4 10. Nxe4 b6 11. Rb1 Bb7 12. Neg5 Nd4 13. b4 Nxf3+ 14. Nxf3 cxb4
15. axb4 Nd5 16. Bd2 Nc3 17. Bxc3 Bxc3 18. Kh1 Qd6 19. b5 Qxf4 20. Rb3 Bg7 21.
Qe2 h6 22. Nd2 Qc7 23. Ne4 Bd5 24. c4 Bxe4 1/2-1/2

[Event "North Bay int."]
[Site "North Bay CAN"]
[Date "1996.08.10"]
[Round "7"]
[White "Evans, Bill"]
[Black "Wen, Jean-Francois"]
[Result "1-0"]
[WhiteElo "2233"]
[BlackElo "2214"]
[PlyCount "79"]
[EventDate "1996.08.07"]
[EventType "swiss"]
[EventRounds "9"]
[EventCountry "CAN"]

1. d4 d5 2. c4 c6 3. Nf3 Nf6 4. Nc3 dxc4 5. a4 Bf5 6. e3 e6 7. Bxc4 Bb4 8. O-O
Nbd7 9. Qe2 Bg6 10. e4 O-O 11. e5 Nd5 12. Nxd5 cxd5 13. Bd3 Nb8 14. Bxg6 hxg6
15. Ng5 Nc6 16. Qg4 Be7 17. Ra3 Qb6 18. Rd1 Bxa3 19. Qh4 Rfe8 20. bxa3 Qb3 21.
Rf1 Qd3 22. Qh7+ Kf8 23. Qh8+ Ke7 24. Qxg7 Qf5 25. Nxf7 Rg8 26. Bg5+ Qxg5 27.
Qh7 Qf4 28. Nh6+ Rg7 29. Qxg7+ Ke8 30. Qg8+ Qf8 31. Qxe6+ Ne7 32. Ng4 Qf5 33.
Nf6+ Kf8 34. Qd6 Kf7 35. Nxd5 Nc6 36. Qc7+ Kf8 37. Qxb7 Rc8 38. Ne3 Qe6 39. d5
Na5 40. Qb4+ 1-0

[Event "North Bay int."]
[Site "North Bay CAN"]
[Date "1996.08.10"]
[Round "7"]
[White "Fiedler, Brian"]
[Black "Linn, Peter"]
[Result "0-1"]
[WhiteElo "2285"]
[BlackElo "2081"]
[PlyCount "28"]
[EventDate "1996.08.07"]
[EventType "swiss"]
[EventRounds "9"]
[EventCountry "CAN"]

1. e4 d5 2. exd5 Nf6 3. c4 e6 4. dxe6 Bxe6 5. d4 Bb4+ 6. Bd2 Bxd2+ 7. Qxd2 Qe7
8. Qe2 Nc6 9. Nf3 O-O-O 10. d5 Rhe8 11. Nc3 Bxd5 12. O-O-O Qc5 13. Qd3 Be4 14.
Qe2 Bd3 0-1

[Event "North Bay int."]
[Site "North Bay CAN"]
[Date "1996.08.10"]
[Round "7"]
[White "Goldenberg, Danny"]
[Black "Gordon, David"]
[Result "1-0"]
[WhiteElo "2371"]
[BlackElo "2157"]
[PlyCount "57"]
[EventDate "1996.08.07"]
[EventType "swiss"]
[EventRounds "9"]
[EventCountry "CAN"]

1. d4 c5 2. d5 Nf6 3. Nc3 Qa5 4. Bd2 b5 5. Ne4 Qb6 6. Nxf6+ exf6 7. g3 Bd6 8.
Bg2 O-O 9. e4 Be5 10. Rb1 f5 11. Nf3 Bf6 12. e5 Re8 13. O-O Bxe5 14. Nxe5 Rxe5
15. Re1 d6 16. Bf4 f6 17. Bxe5 fxe5 18. f4 Nd7 19. Kh1 Nf6 20. c4 b4 21. fxe5
dxe5 22. Rxe5 Ng4 23. Re8+ Kf7 24. Qe2 Nf2+ 25. Kg1 Ne4 26. Rh8 Nf6 27. d6 Rb8
28. Qe7+ Kg6 29. Qc7 1-0

[Event "North Bay int."]
[Site "North Bay CAN"]
[Date "1996.08.10"]
[Round "7"]
[White "Gordon, David"]
[Black "Livshits, Ron"]
[Result "1/2-1/2"]
[WhiteElo "2157"]
[BlackElo "2468"]
[PlyCount "97"]
[EventDate "1996.08.07"]
[EventType "swiss"]
[EventRounds "9"]
[EventCountry "CAN"]

1. d4 Nf6 2. c4 e6 3. Nc3 Bb4 4. e3 O-O 5. Bd3 d5 6. Nf3 c5 7. O-O Nc6 8. a3
Bxc3 9. bxc3 Qc7 10. cxd5 exd5 11. Qc2 c4 12. Be2 b5 13. Bd2 Rb8 14. Rfb1 a5
15. Rb2 Ne4 16. Be1 Re8 17. Nd2 Nd6 18. Bf3 Bf5 19. Qc1 Ne7 20. Nf1 Rb6 21. Ng3
Bg6 22. Bd1 Reb8 23. Bc2 Nc6 24. Rab1 Qe7 25. Bxg6 hxg6 26. f3 Nf5 27. e4 Nd6
28. exd5 Na7 29. Re2 Qd8 30. Bd2 Nac8 31. Bg5 f6 32. Bf4 g5 33. Bd2 Ne7 34. Qc2
Nxd5 35. Rbe1 Qf8 36. Ne4 b4 37. cxb4 axb4 38. Nxd6 Qxd6 39. Qxc4 bxa3 40. Re8+
Rxe8 41. Rxe8+ Kf7 42. Ra8 Rb1+ 43. Bc1 Qe6 44. Kf2 Rb7 45. Ra6 Rc7 46. Qxc7+
Nxc7 47. Rxe6 Nxe6 48. Bxa3 Nxd4 49. Bc5 1/2-1/2

[Event "North Bay int."]
[Site "North Bay CAN"]
[Date "1996.08.10"]
[Round "7"]
[White "Guo, Joshua"]
[Black "Bugbee, Brian"]
[Result "0-1"]
[WhiteElo "2209"]
[BlackElo "2013"]
[PlyCount "46"]
[EventDate "1996.08.07"]
[EventType "swiss"]
[EventRounds "9"]
[EventCountry "CAN"]

1. e4 e6 2. d4 d5 3. e5 c5 4. c3 Nc6 5. Nf3 Qb6 6. Bd3 Bd7 7. O-O cxd4 8. cxd4
Nxd4 9. Nxd4 Qxd4 10. Nc3 Qb4 11. Qe2 a6 12. Kh1 g6 13. Bg5 Bh6 14. f4 Bxg5 15.
fxg5 h6 16. Qf2 Qe7 17. Rae1 hxg5 18. Nxd5 exd5 19. e6 Bxe6 20. Bxg6 Nf6 21.
Bxf7+ Kxf7 22. Re5 Kg6 23. Qe3 Ne4 0-1

[Event "North Bay int."]
[Site "North Bay CAN"]
[Date "1996.08.10"]
[Round "7"]
[White "Hathaway, John"]
[Black "Koster, Ed"]
[Result "1-0"]
[WhiteElo "2188"]
[BlackElo "2207"]
[PlyCount "67"]
[EventDate "1996.08.07"]
[EventType "swiss"]
[EventRounds "9"]
[EventCountry "CAN"]

1. d4 Nf6 2. Nf3 g6 3. c3 Bg7 4. Bg5 O-O 5. Nbd2 d5 6. e3 Nbd7 7. Be2 Re8 8.
Bf4 Nh5 9. Ne5 Nxe5 10. Bxe5 f6 11. Bg3 Nxg3 12. hxg3 e5 13. Nb3 a5 14. a4 c6
15. Qd2 b6 16. O-O Be6 17. Rfc1 f5 18. Rc2 Qd6 19. dxe5 Qxe5 20. Nd4 Qd6 21.
Rd1 Bf7 22. Bf3 Rad8 23. Qc1 c5 24. Nb5 Qe5 25. Rcd2 Re7 26. c4 Red7 27. cxd5
Kh8 28. Qc4 g5 29. Nc3 g4 30. Be2 h5 31. Qf4 Qxf4 32. gxf4 Bxc3 33. bxc3 Bxd5
34. Bb5 1-0

[Event "North Bay int."]
[Site "North Bay CAN"]
[Date "1996.08.10"]
[Round "7"]
[White "Heyer, Jon Paul"]
[Black "Morrell, Gord"]
[Result "1/2-1/2"]
[WhiteElo "2233"]
[BlackElo "2226"]
[PlyCount "80"]
[EventDate "1996.08.07"]
[EventType "swiss"]
[EventRounds "9"]
[EventCountry "CAN"]

1. b3 e5 2. Bb2 d6 3. e3 Nf6 4. c4 g6 5. Nc3 Bg7 6. g3 O-O 7. Bg2 Re8 8. Nge2
c6 9. e4 Na6 10. O-O Nc5 11. Qc2 Qb6 12. Rad1 Nh5 13. d4 exd4 14. Nxd4 Bg4 15.
Nde2 Rad8 16. Rfe1 f5 17. h3 Bxe2 18. Rxe2 fxe4 19. Bxe4 Nxg3 20. Bd5+ cxd5 21.
Rxe8+ Rxe8 22. Nxd5 Ne2+ 23. Kf1 Qd8 24. Bxg7 Kxg7 25. Qb2+ Kf7 26. Rd2 Qh4 27.
Rxe2 Qxh3+ 28. Kg1 Qg4+ 29. Kf1 Qh3+ 30. Kg1 Qg4+ 31. Kf1 Qxe2+ 32. Qxe2 Rxe2
33. Kxe2 Ne6 34. Ke3 h5 35. Ke4 Nc5+ 36. Kd4 Ne6+ 37. Ke4 Nc5+ 38. Kd4 Ne6+ 39.
Ke4 Ng5+ 40. Kf4 Ne6+ 1/2-1/2

[Event "North Bay int."]
[Site "North Bay CAN"]
[Date "1996.08.10"]
[Round "7"]
[White "Hum, Peter"]
[Black "Gross, Ronald"]
[Result "1/2-1/2"]
[WhiteElo "2234"]
[BlackElo "2116"]
[PlyCount "48"]
[EventDate "1996.08.07"]
[EventType "swiss"]
[EventRounds "9"]
[EventCountry "CAN"]

1. e4 e5 2. Bc4 Nf6 3. d3 c6 4. Nf3 d5 5. Bb3 Bb4+ 6. Bd2 Bxd2+ 7. Nbxd2 Nbd7
8. O-O O-O 9. Re1 Re8 10. Nf1 Qc7 11. c3 dxe4 12. dxe4 Nc5 13. Bc2 Bg4 14. h3
Rad8 15. Qe2 Bc8 16. Qe3 b6 17. Rad1 Ne6 18. g3 h6 19. Kg2 Rxd1 20. Rxd1 Rd8
21. Rxd8+ Nxd8 22. N1d2 Be6 23. a3 c5 24. Bd3 Nc6 1/2-1/2

[Event "North Bay int."]
[Site "North Bay CAN"]
[Date "1996.08.10"]
[Round "7"]
[White "Khoudgarian, Natalia"]
[Black "Dougherty, Michael"]
[Result "0-1"]
[WhiteElo "2215"]
[BlackElo "2310"]
[PlyCount "70"]
[EventDate "1996.08.07"]
[EventType "swiss"]
[EventRounds "9"]
[EventCountry "CAN"]
[Source "ChessBase"]
[SourceDate "1997.11.17"]

1. e4 c5 2. Nf3 Nc6 3. c3 d5 4. exd5 Qxd5 5. d4 cxd4 6. cxd4 e5 7. Nc3 Bb4 8.
a3 Bxc3+ 9. bxc3 Bg4 10. Be2 e4 11. Ng5 Bxe2 12. Qxe2 Nf6 13. O-O O-O 14. Rb1
a6 15. Re1 Rfe8 16. c4 Qf5 17. Be3 Rab8 18. Nh3 b5 19. d5 Ne5 20. Bf4 Rbd8 21.
Bxe5 Qxe5 22. cxb5 Nxd5 23. Rbc1 Nc3 24. Qe3 Nxb5 25. Nf4 g6 26. Rc5 Qb2 27. a4
Nd4 28. Nh5 Ne6 29. Rg5 Nxg5 30. Qxg5 Rd6 31. f4 e3 32. h3 Qf2+ 33. Kh2 Qxe1
34. Qh6 Qc3 35. f5 Qe5+ 0-1

[Event "North Bay int."]
[Site "North Bay CAN"]
[Date "1996.08.10"]
[Round "7"]
[White "Lindsay, Fred"]
[Black "Karklins, Andrew"]
[Result "1-0"]
[WhiteElo "2316"]
[BlackElo "2380"]
[PlyCount "80"]
[EventDate "1996.08.07"]
[EventType "swiss"]
[EventRounds "9"]
[EventCountry "CAN"]

1. d4 Nf6 2. c4 e6 3. Nc3 Bb4 4. Bg5 c5 5. Rc1 cxd4 6. Qxd4 Nc6 7. Bxf6 gxf6 8.
Qd2 d5 9. cxd5 exd5 10. e3 d4 11. exd4 O-O 12. a3 Ba5 13. Rd1 Re8+ 14. Be2 Bg4
15. Kf1 Bf5 16. Bf3 Bb6 17. Nge2 Na5 18. Nd5 Re6 19. Nef4 Rd6 20. Nh5 Qf8 21.
Qf4 Bg6 22. Ndxf6+ Kh8 23. d5 Rc8 24. Re1 Nb3 25. g4 Bxh5 26. Nxh5 Rg6 27. Be4
Rc4 28. h3 Ba5 29. Kg2 Bxe1 30. Rxe1 Nc5 31. Qf5 Rxe4 32. Rxe4 Nxe4 33. Qxe4
Rb6 34. b4 f6 35. Qd4 Kg8 36. Kg3 Qd6+ 37. f4 a5 38. g5 axb4 39. Nxf6+ Kf7 40.
Qe4 Qd8 1-0

[Event "North Bay int."]
[Site "North Bay CAN"]
[Date "1996.08.10"]
[Round "7"]
[White "Linskiy, Oleg"]
[Black "Cote, Jacques"]
[Result "1-0"]
[WhiteElo "2390"]
[BlackElo "2273"]
[PlyCount "63"]
[EventDate "1996.08.07"]
[EventType "swiss"]
[EventRounds "9"]
[EventCountry "CAN"]

1. e4 e5 2. Nf3 Nc6 3. d3 Nf6 4. Be2 Be7 5. c3 d5 6. Nbd2 O-O 7. O-O Bg4 8. Re1
Qd7 9. b4 a6 10. a3 Rfe8 11. h3 Bh5 12. Qc2 Rad8 13. Bf1 Bf8 14. Bb2 h6 15. Qb3
Bg6 16. Rad1 d4 17. cxd4 Nxd4 18. Nxd4 exd4 19. Rc1 b6 20. Qc4 c5 21. bxc5 Bxc5
22. Nb3 Rc8 23. Qxa6 Ra8 24. Nxc5 Rxa6 25. Nxd7 Nxd7 26. Bxd4 Rxa3 27. Rc7 Ne5
28. Bxe5 Rxe5 29. Rc8+ Kh7 30. f4 Re6 31. Rb1 f5 32. e5 1-0

[Event "North Bay int."]
[Site "North Bay CAN"]
[Date "1996.08.10"]
[Round "7"]
[White "Milicevic, Goran"]
[Black "Bidal, Jay"]
[Result "1-0"]
[WhiteElo "2393"]
[BlackElo "2288"]
[PlyCount "79"]
[EventDate "1996.08.07"]
[EventType "swiss"]
[EventRounds "9"]
[EventCountry "CAN"]

1. e4 a6 2. d4 b5 3. Bd3 Bb7 4. Nf3 e6 5. O-O Be7 6. a4 c5 7. c3 c4 8. Bc2 Nf6
9. Qe2 d5 10. e5 Nfd7 11. Ne1 Nc6 12. f4 g6 13. g4 b4 14. f5 b3 15. Bd1 Bg5 16.
Nd2 gxf5 17. gxf5 h5 18. Qf3 Ncxe5 19. dxe5 Nxe5 20. Qg2 Qb6+ 21. Kh1 d4 22.
Bf3 Nxf3 23. Ndxf3 Bxc1 24. Rxc1 d3 25. Qg5 e5 26. Ng2 e4 27. Nd4 e3 28. Qxe3+
Kd7 29. Nf3 Qd6 30. Qd4 Bd5 31. Ne3 d2 32. Rcd1 Bxf3+ 33. Rxf3 Qxd4 34. cxd4 c3
35. bxc3 b2 36. Nc4 Rhe8 37. Nb6+ Kc6 38. Nxa8 Re1+ 39. Rf1 b1=Q 40. Rxb1 1-0

[Event "North Bay int."]
[Site "North Bay CAN"]
[Date "1996.08.10"]
[Round "7"]
[White "Morovic Fernandez, Ivan"]
[Black "Sagalchik, Gennadij"]
[Result "1-0"]
[WhiteElo "2590"]
[BlackElo "2525"]
[PlyCount "87"]
[EventDate "1996.08.07"]
[EventType "swiss"]
[EventRounds "9"]
[EventCountry "CAN"]
[Source "CFC"]
[SourceDate "2002.12.??"]

1. e4 e5 2. Nf3 Nc6 3. Bc4 Nf6 4. Nc3 Nxe4 5. Nxe4 d5 6. Bd3 f5 7. Nc3 e4 8.
Bb5 exf3 9. Qxf3 Be6 10. O-O Qd7 11. Ne2 Bd6 12. d4 O-O 13. Bf4 Bxf4 14. Qxf4
Rae8 15. Qd2 a6 16. Bxc6 Qxc6 17. Nf4 Bd7 18. f3 Qb6 19. b3 Qh6 20. Rf2 c6 21.
Nd3 f4 22. Re1 g5 23. Rxe8 Rxe8 24. Re2 Rxe2 25. Qxe2 Qe6 26. Ne5 Qe7 27. Qd2
Bf5 28. c3 Qa3 29. h4 h6 30. hxg5 hxg5 31. g3 Bb1 32. gxf4 Qxa2 33. Qe3 Bf5 34.
fxg5 Qxb3 35. g6 Bxg6 36. Qg5 Qb1+ 37. Kf2 Qc2+ 38. Kg3 Kg7 39. Qe7+ Kh8 40.
Qf6+ Kh7 41. Qe7+ Kh8 42. Qf8+ Kh7 43. Ng4 Bf5 44. Qf7+ 1-0

[Event "North Bay int."]
[Site "North Bay CAN"]
[Date "1996.08.10"]
[Round "7"]
[White "Olszewski, Piotr"]
[Black "Bugbee, Brian"]
[Result "1/2-1/2"]
[WhiteElo "2276"]
[BlackElo "2013"]
[PlyCount "27"]
[EventDate "1996.08.07"]
[EventType "swiss"]
[EventRounds "9"]
[EventCountry "CAN"]

1. d4 Nf6 2. c4 c5 3. d5 b5 4. cxb5 a6 5. bxa6 Bxa6 6. g3 d6 7. Bg2 g6 8. b3
Bg7 9. Bb2 O-O 10. Nh3 Nbd7 11. O-O Qb6 12. a3 Rfb8 13. Nd2 Ra7 14. Ra2 1/2-1/2

[Event "North Bay int."]
[Site "North Bay CAN"]
[Date "1996.08.10"]
[Round "7"]
[White "Pacey, Kevin"]
[Black "Cabanas, Francisco"]
[Result "1-0"]
[WhiteElo "2297"]
[BlackElo "2234"]
[PlyCount "107"]
[EventDate "1996.08.07"]
[EventType "swiss"]
[EventRounds "9"]
[EventCountry "CAN"]

1. e4 d5 2. exd5 Nf6 3. c4 c6 4. d4 cxd5 5. Nc3 Nc6 6. Bg5 dxc4 7. d5 Ne5 8.
Qd4 Nd3+ 9. Bxd3 cxd3 10. Nf3 e6 11. Bxf6 Qxf6 12. Qxd3 Bd7 13. O-O O-O-O 14.
Qe3 Kb8 15. Qe5+ Qxe5 16. Nxe5 Be8 17. dxe6 fxe6 18. Rfd1 Be7 19. Rxd8+ Bxd8
20. Rd1 Bc7 21. f4 Rf8 22. g3 Kc8 23. Ne4 Bxe5 24. fxe5 Bc6 25. Ng5 Bd5 26. b3
Rf5 27. Nxh7 Rxe5 28. Rd2 Rh5 29. Nf8 Rh6 30. Rf2 Rf6 31. Nh7 Rxf2 32. Kxf2 a5
33. Ke3 a4 34. bxa4 Bxa2 35. a5 Kc7 36. Ng5 Kc6 37. Ne4 Bb3 38. Kd4 Kb5 39.
Nd6+ Ka6 40. Kc5 Bd5 41. Kb4 e5 42. Ne8 Bc6 43. Nxg7 Bd7 44. Nh5 e4 45. Nf6 Be6
46. Nxe4 Bf5 47. Nd6 Bh3 48. Nc4 Bg4 49. h4 Be2 50. Ne5 b6 51. axb6 Kxb6 52. g4
Kc7 53. h5 Bd1 54. Kc3 1-0

[Event "North Bay int."]
[Site "North Bay CAN"]
[Date "1996.08.10"]
[Round "7"]
[White "Palsson, Halldor"]
[Black "Chu, Christopher"]
[Result "0-1"]
[WhiteElo "2125"]
[BlackElo "2183"]
[PlyCount "68"]
[EventDate "1996.08.07"]
[EventType "swiss"]
[EventRounds "9"]
[EventCountry "CAN"]

1. d4 d5 2. c4 e6 3. Nc3 Nf6 4. Bg5 Be7 5. e3 O-O 6. Nf3 Nbd7 7. Qc2 h6 8. h4
Re8 9. O-O-O Nf8 10. Bxf6 Bxf6 11. g4 g6 12. Bd3 dxc4 13. Bxc4 b6 14. Ne4 Bg7
15. Ne5 Bb7 16. Rh2 Qe7 17. f4 c5 18. d5 exd5 19. Rxd5 Bxd5 20. Bxd5 Bxe5 21.
fxe5 Qxe5 22. Rf2 Ne6 23. Nf6+ Kg7 24. e4 Rad8 25. Nxe8+ Rxe8 26. Qe2 Re7 27.
Qf1 Rc7 28. h5 c4 29. hxg6 fxg6 30. Rf3 Ng5 31. Rf8 c3 32. b3 c2 33. Rg8+ Kh7
34. Rh8+ Qxh8 0-1

[Event "North Bay int."]
[Site "North Bay CAN"]
[Date "1996.08.10"]
[Round "7"]
[White "Polgar, Sofia"]
[Black "Kamberi, Sonny"]
[Result "1-0"]
[WhiteElo "2503"]
[BlackElo "2316"]
[PlyCount "67"]
[EventDate "1996.08.07"]
[EventType "swiss"]
[EventRounds "9"]
[EventCountry "CAN"]

1. e4 e5 2. Nf3 Nc6 3. Bb5 a6 4. Ba4 Nf6 5. O-O Be7 6. Re1 b5 7. Bb3 O-O 8. h3
d6 9. c3 Bb7 10. d4 Re8 11. Nbd2 Bf8 12. a3 h6 13. Bc2 g6 14. Nf1 Bg7 15. Ng3
Qd7 16. Be3 Na5 17. Nd2 Nc6 18. f4 Rad8 19. b4 Bc8 20. Rf1 Nh7 21. Nf3 f6 22.
Qd2 exd4 23. cxd4 Nf8 24. h4 Qe7 25. Rae1 Bg4 26. Nh2 Bc8 27. f5 g5 28. hxg5
hxg5 29. Bb3+ Kh8 30. Qd1 Nh7 31. Qh5 Rf8 32. Ng4 Bd7 33. Kf2 Be8 34. Qxh7+ 1-0